000 00486nam a2200193Ia 4500
003 OSt
005 20230607150033.0
008 210423s2012 xx 000 0 und d
020 _a9789374734902
040 _cAL
041 _aeng
082 _a658 KUMC
100 _aKumar (Harish).
_9121654
245 _aCorpoprate Social responsibility: a waffle or way of life.
260 _aNew Delhi
_bAITBS Publishers
_c2012
300 _axiv,179
_bPB
365 _cINR
942 _2ddc
_cBK
999 _c176222
_d176222